00684cam a2200193 a 450000100100000000500170001000800410002704000250006808200230009310000350011624500480015125000120019926000610021130000210027265000260029365000300031995201260034999900150047500000691920200929154023.0820625s1925 fr 000 0 fre d aDO-SdBNPbspacBNPHU a843.9bG453f, 19351 aGide, Andre,d1869-1951.9617314aLes faux-monnayeurs :broman /cAndre Gide. a25a ed. aParis :bGallimard ;bNouvelle Revue Française,c1925. a503 p. ;c19 cm. 4aNovela francesa91075 4aLiteratura francesa91074 001052708MOaGRbGRcCTd2009-09-03iLF1l0o843.9 G453f, 1935p6919-10r2020-06-25w2020-06-25y2ZPréstamo interno c6704d6704